Statistiken für Stadtteile Hamburgs

Klicken Sie hier um das Quiz zu spielen!

Allgemein

  • Dieses Quiz wurde 260 mal gespielt
  • Das Durchschnittsergebnis liegt bei 47 aus 104

Antwortstatistiken

Antwort% Korrekt
St Pauli
84%
Harburg
80%
Blankenese
69%
Wilhelmsburg
68%
Bergedorf
67%
Wandsbek
67%
Eimsbüttel
66%
Altona Nord
64%
Fuhlsbüttel
64%
Veddel
64%
Hafencity
62%
Hamm
62%
Stellingen
62%
Billstedt
60%
Finkenwerder
60%
Ohlsdorf
60%
Barmbek Süd
59%
St Georg
59%
Alsterdorf
58%
Barmbek Nord
58%
Eppendorf
58%
Niendorf
58%
Othmarschen
58%
Poppenbüttel
58%
Winterhude
57%
Horn
55%
Ottensen
55%
Rahlstedt
55%
Bahrenfeld
54%
Lurup
54%
Allermöhe
53%
Eidelstedt
53%
Harvestehude
53%
Neustadt
53%
Uhlenhorst
52%
Schnelsen
51%
Rissen
50%
Sternschanze
50%
Nienstedten
49%
Volksdorf
49%
Wellingsbüttel
48%
Altona Altstadt
47%
Hammerbrook
47%
Jenfeld
47%
Sasel
47%
Billwerder
46%
Duvenstedt
46%
Groß Flottbek
46%
Osdorf
46%
Rotherbaum
46%
Steilshoop
46%
Altengamme
45%
Langenhorn
45%
Neuengamme
44%
Bramfeld
43%
Eilbek
43%
Groß Borstel
43%
Hummelsbüttel
43%
Rothenburgsort
43%
Cranz
42%
Iserbrook
42%
Moorfleet
42%
Curslack
40%
Farmsen Berne
40%
Heimfeld
40%
Tonndorf
40%
Altenwerder
39%
Dulsberg
39%
Lokstedt
39%
Bergstedt
38%
Lohbrügge
38%
Eissendorf
36%
Hausbruch
36%
Hoheluft West
36%
Moorburg
36%
Neugraben Fischbek
36%
Hamburg Altstadt
35%
Hoheluft Ost
35%
Hohenfelde
35%
Marienthal
35%
Neuwerk
35%
Sülldorf
35%
Borgfelde
34%
Waltershof
34%
Marmstorf
33%
Steinwerder
32%
Wohldorf
31%
Francop
30%
Kirchwerder
30%
Neuenfelde
30%
Neuallermöhe
29%
Gut Moor
27%
Kleiner Grasbrook
27%
Meiendorf
27%
Sinstorf
27%
Tatenberg
27%
Lehmsahl Mellingstedt
26%
Ochsenwerder
26%
Wilstorf
26%
Neuland
25%
Rönneburg
25%
Spadenland
24%
Langenbek
23%
Reitbrook
22%

Verteilung der Resultate

Perzentil nach korrekt beantworteten Fragen

Anzahl Personen mit jedem Resultat

Ihre Resultats-Entwicklung

Sie haben dieses Quiz noch nicht gespielt